Quizzes
Events
Quiz Creation
Community
Videos
Private Events
Remove Ads
Sign In
Join for FREE
Feedback
Dark Mode
Quiz Categories
Sports
Geography
Music
Movies
Television
Just For Fun
Miscellaneous
History
Literature
Language
Science
Gaming
Entertainment
Religion
Holiday
For Kids
Quiz Lab
Recent
Popular Today
Quiz Kudos Today
Editor Picks
Curator Picks
Quizzes by...
Day
Popularity
Type
Ratings
Length
Year
Community
Subscriptions
Recent Discussions
Orange Saloon
Badges
Playlists
Quests
Create
Leaderboards
Showdown
Live 5
Trivia Bingo
Activity
Puzzle Library
Sporcle Events
Private Events
Virtual Trivia
Globe League
Become a Host
Pub Owners
SporcleCon
Opinionation
Our Games
Videos
Blog
Mobile Apps
Partnerships
Remove Ads and Go Orange
Feedback
Literature
Harry Potter
A Song of Ice and Fire
The Hunger Games
Literary Character
Shakespeare
Book
Author
Novel
Poem
Young Adult
Children's Books
Play
Lord of the Rings
Literature
Harry Potter
A Song of Ice and Fire
The Hunger Games
Literary Character
Shakespeare
Book
Author
Novel
Poem
Young Adult
Children's Books
Play
Lord of the Rings
Random Quiz
Search Sporcle
×
Quiz Lab
Quiz Lab
Literature
laureate
Type in answers that appear in a list
Type in answers that appear in a list
Classic
Best Score? Go Orange.
Nobel Literature Pre-1944 Stats
Can you name the Nobel Laureates in Literature before 1944?
By
Sesel
10m
38 Questions
226 Plays
226 Plays
226 Plays
Comments
Comments
Give Quiz Kudos
Give Quiz Kudos
-
- Ratings
hide this ad
Replay
Link that replays current quiz
Next Quiz
Link to next quiz in quiz playlist
You Got
0%
They Got
Avg Score
59%
Avg Friend Score
Upgrade to see
Score Distribution
Jump to the score distribution portion of the page
Score
0/38
Timer
10:00
0
Plays Today
Year
Winner
% Correct
1929
Thomas Mann
83.6%
1907
Rudyard Kipling
80.4%
1923
William Butler Yeats
79.1%
1938
Pearl S. Buck
76%
1901
Sully Prudhomme
75.6%
1920
Knut Hamsun
73.3%
1925
George Bernard Shaw
72.4%
1913
Rabindranath Tagore
72%
1930
Sinclair Lewis
71.6%
1902
Theodor Mommsen
71.1%
1921
Anatole France
70.2%
1909
Selma Lagerlöf
69.8%
1903
Bjørnstjerne Bjørnson
68.4%
1936
Eugene O'Neill
68.4%
1928
Sigrid Undset
67.1%
1934
Luigi Pirandello
65.8%
1904
Frédéric Mistral
64.9%
1932
John Galsworthy
64.9%
1911
Maurice Maeterlinck
63.6%
Year
Winner
% Correct
1927
Henri Bergson
63.1%
1933
Ivan Bunin
59.1%
1926
Grazia Deledda
55.6%
1904
José Echegaray
54.2%
1939
Frans Eemil Sillanpää
51.1%
1910
Paul Heyse
50.7%
1915
Romain Rolland
50.2%
1919
Carl Spitteler
48%
1924
Władysław Reymont
48%
1937
Roger Martin du Gard
48%
1906
Giosuè Carducci
47.1%
1912
Gerhart Hauptmann
46.2%
1922
Jacinto Benavente
42.2%
1908
Rudolf Eucken
40%
1905
Henryk Sienkiewicz
39.6%
1917
Karl Gjellerup
37.8%
1917
Henrik Pontoppidan
35.1%
1931
Erik Axel Karlfeldt
34.7%
1916
Verner von Heidenstam
30.7%
Quiz Playlist
Details
Report
Send in Message
Add To Playlist
Classic:
Type in answers that appear in a list
Last Updated: Feb 16, 2017
Quiz Scoreboard
CHALLENGE
Sign Up to Join the Scoreboard
Show All
Scores
Hide
Comments
May contain spoilers
Recently Published
Decade Duel: World Leaders
by jenniferyan
History
4m
Alphabetical 'K' Countries by Flag Minefield
by ylime102
Geography
3m
Pick 6: Fruits
by JohnFran
Miscellaneous
15s
More to Explore
Quiz From the Vault
Featured Blog Post
15 Basketball Trivia Facts You Can Be March Mad About
hide this ad
You Might Also Like...
Tags
1944
before
laureate
Nationality
nobel
Nobel Laureates
Winner
Today's Top Quizzes in Literature
Browse Literature
hide this ad
Today's Top Quizzes in laureate
Browse laureate
Top Contributed Quizzes in Literature
1
Season Plays
2
Pick 3: Harry Potter Hogwarts Quidditch Players
3
Harry Potter Characters: Logic Puzzle
4
Hogwarts Midnight Escape
5
Word Ladder: King's 'The Stand'
6
Harry Potter logic puzzle: Triwizard Tournament
7
Spring Reading List
8
Literature Acrostic Puzzle
9
Criteria Quiz: Harry Potter Gryffindors
10
4-to-1 Blitz: Harry Potter
Explore More
Trending Topics
Crossword
Disney
Anime
Marvel
Harry Potter
Kpop
NBA
WWE
Soccer
The Office
Song
NFL
Puzzle
Pokémon
Country
hide this ad
More By:
Sesel
Quiz
Plays
Rating
Category
Featured
Created
100 Greatest Baseball Players
37,036
4.39
Sports
Oct 6, 2009
Top 100 Pitchers
8,336
4.42
Sports
Nov 28, 2009
Minnesota's 200 Largest Cities
3,419
5.00
Geography
Nov 7, 2010
Italian Prime Ministers
3,261
4.78
Geography
Sep 26, 2009
Twins Opening Day Lineups
3,094
4.33
Sports
Sep 30, 2009
Go to Creator's Profile
Score Distribution
Quiz Creator Spotlight
Sesel
Follow
Send a Message
Quizzes Created
-
Created Quiz Play Count
-
More By This Creator
Popular Quizzes Today
1
Countries of Asia Without Outlines Minefield
2
Find the US States - No Outlines Minefield
3
Pick 6: Fruits
4
Alphabetical 'K' Countries by Flag Minefield
5
The Countries of the World
6
Find the Countries of Europe - No Outlines Minefield
7
US States
8
Find the US States
More Literature Quizzes
Dr. Seuss or P. D. Eastman?
Published
Trending Quizzes
Pick 6: Mountains
Pick 6: Harry Potter
Pick 6: Flags
Pick 6: NFL Teams
Pick 6: Movie Franchises
Recently Updated
Adaptations: Name the Title
pecheneg
NWSL Teams
pecheneg
Women's Final Four Teams by Year
bhenderson79
Presidents Quartet II
eogle
Anything But Clue(do)
eogle
Anything But Oceanian Capitals
eogle
Anything But 7
eogle
Anything But Thing
eogle
Word Ladder: February 29
pecheneg
Song Title Questions
pecheneg
Trending Topics
Harry Potter
NBA
Marvel
Disney
Anime
Crossword
Kpop
Country
Pokémon
WWE
NFL
Puzzle
Soccer
Song
The Office
Your Account Isn't Verified!
In order to create a playlist on Sporcle, you need to verify the email address you used during registration. Go to your
Sporcle Settings
to finish the process.
Report this User
Report this user for behavior that violates our
Community Guidelines
.
Details:
Send Report
Go to the Sporcle.com Mobile Site →
Comments